[Event "Grand Prix Hamburg 2019"]
[Site "Hamburg"]
[Date "2019.11.05"]
[Round "1.6"]
[White "Svidler, Peter"]
[Black "Harikrishna, Pentala"]
[Result "1-0"]
[WhiteElo "2729"]
[BlackElo "2748"]
[Annotator "TA"]
[PlyCount "93"]
[EventDate "2019.11.05"]
[EventType "k.o."]
[EventCountry "GER"]
[SourceTitle "playchess.com"]
[Source "ChessBase"]
[SourceQuality "1"]

{[%evp 13,93,16,24,21,20,10,17,0,4,6,8,8,0,0,0,0,0,0,13,13,13,13,13,13,13,13,13,6,10,17,15,15,19,18,18,3,16,15,27,37,61,62,75,85,204,204,252,243,437,145,148,152,147,147,162,154,140,159,442,421,495,493,504,497,478,478,547,545,547,546,537,521,521,518,480,519,602,602,512,512,512,512]} 1. e4 e5 2. Nf3 Nc6 3. Bc4 Bc5 4. O-O Nf6 5. d3 d6 6. c3 a6 7. a4 h6 8. a5 {C54: Giuoco Piano: 4 c3 Nf6, main lines with 5 d4 and 5 d3} (8. Re1 a5 9. d4 Ba7 10. h3 g5 11. dxe5 Nxe5 12. Nxe5 dxe5 13. Qxd8+ Kxd8 14. Bxf7 g4 15. hxg4 Nxg4 {½-½ (25) Vachier Lagrave,M (2778)-Anand,V (2756) Saint Louis 2019}) 8... O-O 9. h3 Ba7 10. Be3 {The position is equal.} d5 $146 ({Predecessor:} 10... Bd7 11. Nbd2 Ne7 12. Re1 Ng6 13. d4 exd4 14. cxd4 {1-0 (27) Nevednichy,V (2548)-Georgiev,K (2623) Thessaloniki 2018}) 11. exd5 Nxd5 12. Bxa7 Rxa7 13. Re1 Nf4 14. Nxe5 Qg5 $1 {[%csl Gf4,LRe5,LRg2,LRh3][%cal Rg5g2][%mdl 64] Double Attack} 15. Ng4 h5 16. Ne3 Bxh3 17. Qf3 Ne5 {[%mdl 64] Double Attack} 18. Qg3 $1 {[%cal Rg3g5]} Bg4 $1 ({But not} 18... Qxg3 19. fxg3 Nxg2 20. Nxg2 $16) 19. Nd5 Nxc4 20. Qxf4 Qxf4 21. Nxf4 Nxb2 22. Ra2 g5 $1 23. Rxb2 {Nd5 is the strong threat.} gxf4 24. Re5 Rd8 25. d4 Rd6 26. f3 Bd7 27. Nd2 $36 {[%mdl 3072] White has compensation. White is pushing.} b6 28. Ne4 Rg6 (28... Re6 $16) 29. Re7 $1 $18 {[%cal Re7d7]} ({Resist} 29. Rxh5 $6 Bb5 $16) 29... Bb5 30. d5 $1 {[%cal Rd5d6]} f5 $2 {[#]} (30... Ra8 {might work better.} 31. Rxc7 bxa5) 31. axb6 $2 (31. d6 $1 $18 {[%mdl 512] and the rest is easy.}) 31... Rxb6 $16 {[#]} 32. Nc5 $1 Kf8 33. Rh7 {Hoping for c4.} Kg8 34. Rxh5 Bc4 {[#]} 35. Rd2 $1 {[%cal Rd2d4] aiming for Rd4.} Rd6 $2 (35... a5 $16 {was necessary.}) 36. Rxf5 $18 {White is clearly winning.} c6 {[%cal Rd6d5]} 37. Ne4 Rxd5 38. Nf6+ {[%mdl 64] Double Attack} Kg7 39. Nxd5 cxd5 {[%mdl 4096] Endgame KRR-KRB} 40. Rd4 a5 41. Rdxf4 Kg6 42. Rf8 Kg7 43. Rb8 a4 {If Black can now play ...a3 this consolidates a bit.} 44. Rff8 d4 45. cxd4 Bd5 {With the idea ...a3.} 46. Rfd8 a3 {Threatens to win with ...a2.} 47. Rxd5 {Accuracy: White = 82%, Black = 51%.} ({Less strong is} 47. Rb1 a2 $16) 1-0

[Event "Grand Prix Hamburg 2019"]
[Site "Hamburg"]
[Date "2019.11.07"]
[Round "1.6"]
[White "Dubov, Daniil"]
[Black "Radjabov, Teimour"]
[Result "1/2-1/2"]
[WhiteElo "2699"]
[BlackElo "2758"]
[Annotator "TA"]
[PlyCount "47"]
[EventDate "2019.11.05"]
[EventType "k.o."]
[EventCountry "GER"]
[SourceTitle "playchess.com"]
[Source "ChessBase"]
[SourceQuality "1"]

{[%evp 15,47,14,15,14,14,13,9,0,16,0,18,0,0,0,-3,0,17,-8,0,-20,-12,-17,-16,-14,-7,-8,0,0,0,0,0,0,0,0]} 1. d4 Nf6 2. c4 e6 3. Nf3 d5 4. g3 Be7 5. Bg2 O-O 6. O-O dxc4 7. Qc2 a6 8. a4 Bd7 {The position is equal.} 9. Bg5 {E05: Open Catalan: 5 Nf3 Be7} Bc6 10. e3 $146 ({Predecessor:} 10. Qxc4 Bd5 11. Qc2 Be4 12. Qc1 h6 13. Bxf6 Bxf6 14. Rd1 a5 15. Nbd2 Bxf3 16. Bxf3 c6 17. Nb3 Na6 18. h4 Qb6 19. Qc3 Rfd8 20. e3 Nb4 {½-½ (34) Rapport,R (2735)-Wang,H (2737) Danzhou 2019}) 10... Nbd7 11. Nbd2 h6 12. Bxf6 Nxf6 13. Nxc4 Be4 14. Qe2 c5 15. Rfd1 Qc7 16. Rac1 Rac8 17. a5 cxd4 18. Nxd4 Bxg2 19. Kxg2 Qc5 20. Qf3 {[#] aiming for Nb6.} Qb4 21. Nb6 Rxc1 22. Rxc1 Bc5 23. Qxb7 Bxd4 24. exd4 {Accuracy: White = 42%, Black = 71%.} 1/2-1/2

[Event "Grand Prix Hamburg 2019"]
[Site "Hamburg"]
[Date "2019.11.07"]
[Round "1.7"]
[White "Radjabov, Teimour"]
[Black "Dubov, Daniil"]
[Result "0-1"]
[WhiteElo "2758"]
[BlackElo "2699"]
[Annotator "TA"]
[PlyCount "74"]
[EventDate "2019.11.05"]
[EventType "k.o."]
[EventCountry "GER"]
[SourceTitle "playchess.com"]
[Source "ChessBase"]
[SourceQuality "1"]

{[%evp 13,74,0,0,-11,0,-10,0,-7,-25,-25,-25,-20,-22,-23,-30,-30,-18,-26,-14,-44,-39,-197,-198,-189,-216,-242,-144,-279,-239,-275,-212,-316,-326,-312,-257,-371,-273,-318,-305,-474,-451,-596,-587,-593,-593,-579,-564,-982,-980,-998,-948,-905,-857,-1697,-593,-1200,-1166,-1282,-1213,-1153,-1131,-838,-577]} 1. e4 g6 2. Nf3 d6 3. Nc3 Bg7 4. h3 c5 5. Bc4 Nc6 6. O-O Nf6 7. d3 O-O 8. a4 {B30: Sicilian: 2...Nc6 3 Bb5, lines without ...g6} (8. a3 a6 9. Nd5 b5 10. Ba2 Nxd5 11. exd5 Nd4 12. Nd2 e5 13. c3 Nf5 14. b4 cxb4 15. axb4 a5 16. bxa5 Rxa5 {½-½ (28) Filippov,A (2615)-Can,E (2529) Kocaeli 2014}) 8... b6 9. Nd5 Bb7 $146 ({Predecessor:} 9... Nxd5 10. exd5 Ne5 11. Nxe5 dxe5 12. a5 Bb7 13. Bg5 f6 14. d6+ Kh8 15. dxe7 Qxe7 {½-½ (46) Miklaszewski,S (1354)-Ederer,K (2005) LSS email 2013}) 10. c3 {The position is equal.} Nxd5 11. Bxd5 e6 12. Ba2 d5 13. Bg5 Qd7 14. Qc1 d4 {With the idea ...dxc3.} 15. Rd1 Rae8 16. h4 f5 17. exf5 $2 (17. Bf4 $15) 17... Rxf5 $19 (17... gxf5 18. Re1 $15) 18. Nh2 Ne5 $1 19. f3 Ba6 (19... Qd6 $19 20. Qc2 Nxf3+ $1 {[%mdl 512]} 21. Nxf3 Qg3) 20. c4 (20. Qd2 $17) 20... Bb7 ({Much less strong is} 20... Qxa4 21. b3 $17) 21. a5 Nf7 ({Don't take} 21... bxa5 22. Qd2 $17) 22. Bf4 (22. Bd2 $142) 22... Qd8 (22... bxa5 23. Rf1 $17) 23. Bg3 Bf6 ({Weaker is} 23... bxa5 24. Rf1 $17) 24. axb6 (24. Rf1 $142 Bxh4 25. Bxh4 Qxh4 26. Qe1) 24... axb6 25. Qd2 Bxh4 26. Qf2 (26. Bxh4 {was forced.} Qxh4 27. Qf2) 26... Bg5 {Hoping for ...Be3.Black is clearly winning.} 27. Nf1 h5 28. Re1 h4 29. Bh2 {[#]} h3 $1 {[%mdl 512]} 30. Ng3 (30. gxh3 Bh4) 30... Be3 {[%mdl 64] Overworked Piece} 31. Rxe3 dxe3 {[%mdl 64] Discovered Attack} 32. Qxe3 {[#]} hxg2 $1 {[%mdl 512]} 33. f4 (33. Kxg2 Rxf3) 33... Rf6 (33... Nh6 $142 34. Qe2 {[#]} Ng4 $1 {[%mdl 512]}) 34. Bb3 e5 35. Ne4 Bxe4 36. dxe4 exf4 37. Bxf4 Qc8 {Played: Qd8-d4} 0-1

[Event "Grand Prix Hamburg 2019"]
[Site "Hamburg"]
[Date "2019.11.05"]
[Round "1.7"]
[White "Jakovenko, Dmitry"]
[Black "Yu, Yangyi"]
[Result "1/2-1/2"]
[WhiteElo "2681"]
[BlackElo "2753"]
[Annotator "TA"]
[PlyCount "34"]
[EventDate "2019.11.05"]
[EventType "k.o."]
[EventCountry "GER"]
[SourceTitle "playchess.com"]
[Source "ChessBase"]
[SourceQuality "1"]

{[%evp 14,34,37,31,31,14,27,14,27,8,14,12,14,12,14,8,6,11,14,0,0,0,1]} 1. e4 e5 2. Nf3 Nf6 3. Nxe5 d6 4. Nf3 Nxe4 5. d4 d5 6. Bd3 Nc6 7. O-O Be7 8. Nbd2 Nxd2 {C42: Petroff Defence: 3 Nxe5 and unusual White 3rd moves} (8... Nd6 9. c3 Bf5 10. Be2 O-O 11. Re1 Re8 12. Qb3 Be6 13. Bd3 Bf6 14. Nf1 g6 15. Bf4 Qd7 16. Ne3 {½-½ (67) Dominguez Perez,L (2750)-Bu,X (2729) Hengshui 2019}) 9. Qxd2 O-O 10. c3 Bd6 11. Qc2 $146 ({Predecessor:} 11. Re1 Qf6 12. Qc2 {1-0 (32) Bekris,N (2116)-Quirini,L (2259) ICCF email 2003}) 11... h6 {The position is equal.} 12. Re1 Qf6 13. Qb3 Ne7 14. Bd2 Bf5 15. Bxf5 Qxf5 16. Re2 Rab8 17. Rae1 Ng6 1/2-1/2

[Event "Grand Prix Hamburg 2019"]
[Site "Hamburg"]
[Date "2019.11.05"]
[Round "1.8"]
[White "Duda, Jan-Krzysztof"]
[Black "Nepomniachtchi, Ian"]
[Result "1-0"]
[WhiteElo "2734"]
[BlackElo "2776"]
[Annotator "TA"]
[PlyCount "87"]
[EventDate "2019.11.05"]
[EventType "k.o."]
[EventCountry "GER"]
[SourceTitle "playchess.com"]
[Source "ChessBase"]
[SourceQuality "1"]

{[%evp 13,87,0,0,0,0,-20,-16,-20,0,-5,0,0,-17,-15,-5,-21,0,-31,2,2,23,24,22,20,16,12,14,12,28,16,77,49,41,52,228,222,235,236,263,212,231,230,231,226,220,224,237,227,230,238,235,224,266,265,368,347,364,293,290,285,277,284,374,354,377,377,558,470,616,608,685,706,734,714,652,639]} 1. c4 e5 2. Nc3 Nf6 3. g3 d5 4. cxd5 Nxd5 5. Bg2 Nb6 6. Nf3 Nc6 7. a3 Be7 8. b4 {A29: English Opening: Four Knights Variation with 4 g3} O-O 9. e3 $146 ({Predecessor:} 9. d3 Re8 10. O-O Bf8 11. Bb2 a5 12. b5 Nd4 13. Nd2 c6 14. bxc6 Nxc6 15. Nc4 Be6 16. Nxb6 Qxb6 17. Rb1 Rad8 18. Ba1 Qc7 19. Qa4 Bd7 20. Qc4 Qc8 21. Bd5 {1-0 (45) Van Wely,L (2695)-Vachier Lagrave,M (2796) chess.com INT 2017}) 9... a6 10. Qc2 {The position is equal.} Be6 11. O-O Bc4 {Black wants to play ...Bd3.} 12. Rd1 $1 Bd3 13. Qb2 Qd7 14. Ne1 Bg6 15. d3 Rad8 16. Ne4 Nd5 (16... Nc4 {feels hotter.} 17. Qb3 Bh5 18. f3 Nb6 19. Nc5 Qc8) 17. Nc5 Bxc5 18. bxc5 Rb8 19. Qb3 Rfd8 20. Bb2 Nf6 21. Rac1 Qe7 (21... Bf5 $11) 22. Qc3 Bh5 23. Rd2 e4 $2 (23... Nd5 $14 24. Qc4 Na5) 24. Bxe4 $1 $18 Rd7 25. Bf5 Rd5 26. e4 Rxf5 27. exf5 Rd8 28. Qc4 Nd5 29. Qe4 Qg5 30. f4 Qh6 31. h3 {aiming for g4.} f6 32. Ng2 Bf7 33. Kh2 Nde7 34. g4 Nd5 35. Re2 Re8 {[#]} 36. Qf3 $1 {Rxe8+ is the strong threat.} Rxe2 37. Qxe2 g6 38. fxg6 hxg6 39. Kg3 Nd8 (39... Qh8 $142 40. Qe4 Nde7) 40. Qe4 {White is clearly winning.} c6 {[#]} 41. Bxf6 $1 {[%mdl 64] Deflection, Decoy} Nxf6 42. Qe7 $1 {[%csl LRd8,LRf6][%mdl 64] Double Attack} Nh5+ 43. gxh5 Ne6 44. hxg6 {Accuracy: White = 83%, Black = 49%.} 1-0

[Event "Grand Prix Hamburg 2019"]
[Site "Hamburg"]
[Date "2019.11.07"]
[Round "1.8"]
[White "Dubov, Daniil"]
[Black "Radjabov, Teimour"]
[Result "1/2-1/2"]
[WhiteElo "2699"]
[BlackElo "2758"]
[Annotator "TA"]
[PlyCount "115"]
[EventDate "2019.11.05"]
[EventType "k.o."]
[EventCountry "GER"]
[SourceTitle "playchess.com"]
[Source "ChessBase"]
[SourceQuality "1"]

{[%evp 12,115,11,4,16,8,95,96,110,116,116,108,109,108,112,108,106,101,98,89,108,108,105,88,88,88,85,86,105,107,116,97,115,71,77,37,37,0,0,0,0,0,0,-7,0,0,0,0,0,0,0,0,0,-69,-64,-118,-122,-161,-149,-226,-171,-334,-272,-384,-391,-357,-308,-290,-256,-419,-400,-466,-445,-450,-454,-747,-745,-663,-658,-2362,-1883,-1816,-1730,-1479,-1262,-791,-1048,-845,-698,-12848,-12849,-12850,-29976,-12851,-27999,-12851,-27999,-12851,-27999,-12851,-29985,-12851,-27999,-12851,0,0]} 1. d4 Nf6 2. Nf3 e6 3. c4 b6 4. g3 Bb7 5. Bg2 Be7 6. O-O O-O 7. d5 Na6 {[%cal Re6d5] E17: Queen's Indian: 4 g3 Bb7 5 Bg2 Be7} 8. Nd4 {And now d6! would win.} (8. Nc3 Bb4 9. Bd2 Re8 10. dxe6 dxe6 11. Qc2 Nc5 12. Rad1 Qe7 13. a3 Bxc3 14. Bxc3 Be4 15. Qc1 a5 16. b4 axb4 17. axb4 {1-0 (34) Mamedyarov,S (2764)-Rapport,R (2747) Saint Louis 2019}) 8... Rb8 $146 (8... exd5 $11 {remains equal.} 9. Nc3 c6) ({Predecessor:} 8... Qc8 9. e4 c5 10. Nb5 d6 11. N1c3 e5 12. f4 Nd7 13. Bh3 Qd8 14. Qh5 Nab8 15. Bd2 {1-0 (43) Khismatullin,D (2654)-Riazantsev,A (2646) Khanty-Mansiysk 2015}) 9. e4 $1 $16 e5 {White is better.} 10. Nf5 d6 11. Nc3 Bc8 12. Nxe7+ Qxe7 13. a3 Nc5 14. b4 Ncd7 15. Ra2 Ra8 16. f4 a5 17. f5 axb4 18. axb4 Rxa2 19. Nxa2 Ba6 20. Qd3 Ra8 21. Nc3 Bb7 22. Bb2 c6 23. h3 cxd5 24. cxd5 Ba6 25. b5 Nc5 26. Qe3 Bc8 27. g4 Ne8 28. g5 f6 29. h4 Bd7 30. Rf2 Nc7 31. Bf1 Ra5 {[%cal Rd7b5]} 32. Rg2 (32. Bc1 $1 $11) 32... Nxb5 $15 33. Bxb5 (33. Ne2 $1 $15) 33... Bxb5 $17 34. h5 Be8 35. Bc1 (35. gxf6 $17 {might work better.} Qxf6 36. h6) 35... b5 ({But not} 35... Bxh5 36. Rb2) 36. Kh2 $2 (36. gxf6 Qxf6 37. h6) 36... b4 ({Inferior is} 36... Bxh5 37. Qh3 $11) 37. Nd1 (37. Na2 $142) 37... Bxh5 38. Nf2 Ra2 39. Qh3 {Strongly threatening gxf6.} g6 40. Qxh5 $2 (40. gxf6 {is a better defense.} Qxf6 41. Bg5) 40... Rxf2 $1 $19 41. fxg6 {gxf6 would kill now.} Rxg2+ 42. Kxg2 {Intending gxf6 and mate.} Nxe4 43. gxh7+ (43. Kf3 $142 f5 44. Qh6) 43... Qxh7 44. Qe8+ Kg7 45. gxf6+ Nxf6 46. Qe7+ {[#]} Kg6 $1 47. Qxd6 {[#]} Qh5 $1 48. Qc5 Qe2+ 49. Kg1 Qd1+ 50. Kg2 Qxd5+ 51. Qxd5 Nxd5 {[%mdl 4096] Endgame KB-KN} 52. Kf3 Kf5 53. Bb2 e4+ 54. Ke2 Kf4 55. Bd4 e3 56. Kd3 Kf3 57. Bc5 b3 $2 {[#]} ({Better is} 57... e2 $19 58. Kd2 b3) 58. Bxe3 $1 {[%mdl 512] Accuracy: White = 39%, Black = 65%.} 1/2-1/2

[Event "Grand Prix Hamburg 2019"]
[Site "Hamburg"]
[Date "2019.11.08"]
[Round "2.1"]
[White "Grischuk, Alexander"]
[Black "Navara, David"]
[Result "1/2-1/2"]
[WhiteElo "2759"]
[BlackElo "2717"]
[Annotator "TA"]
[PlyCount "78"]
[EventDate "2019.11.05"]
[EventType "k.o."]
[EventCountry "GER"]
[SourceTitle "playchess.com"]
[Source "ChessBase"]
[SourceQuality "1"]

{[%evp 21,78,7,11,8,8,8,10,6,8,8,0,6,7,11,17,15,33,25,23,28,41,39,41,29,43,26,35,24,27,9,23,0,0,0,0,0,0,0,0,0,0,0,0,0,0,0,0,0,0,0,0,0,0,0,0,0,0,0,0]} 1. d4 Nf6 2. c4 e6 3. Nf3 d5 4. g3 Be7 5. Bg2 O-O 6. O-O dxc4 7. Qc2 a6 8. a4 Bd7 9. Qxc4 Bc6 10. Bg5 Nbd7 11. Nc3 h6 12. Bxf6 {E05: Open Catalan: 5 Nf3 Be7} Nxf6 13. Rfd1 (13. b4 Qd6 14. b5 axb5 15. axb5 Bd5 16. Nxd5 Nxd5 17. e3 Qb4 18. Qxb4 Bxb4 19. Ne5 Bd6 20. Nc4 Bb4 21. Rfc1 {½-½ (33) Sargissian,G (2689)-Wang,H (2714) chess.com INT 2019}) 13... Bd5 14. Qd3 Bxf3 15. Bxf3 c6 16. e3 Qa5 17. Nb1 Bb4 $146 ({Predecessor:} 17... Qc7 18. Nd2 e5 19. dxe5 Qxe5 20. Qc3 Qc7 21. Nc4 a5 22. Kg2 Rfe8 23. Qe5 Qxe5 24. Nxe5 Rad8 25. Rxd8 Rxd8 26. Rd1 {½-½ (26) Brandhorst,W (2284)-Lefebvre,A (2355) ICCF email 2016}) 18. Na3 Bxa3 19. Qxa3 Rad8 20. Kg2 Rfe8 21. b4 Qf5 22. h3 h5 23. h4 e5 24. dxe5 Qxe5 25. Qb3 Ne4 26. Rxd8 Rxd8 {The position is equal.} 27. Rd1 Rd2 28. Rxd2 Nxd2 29. Qd3 Nxf3 30. Kxf3 $11 {[%mdl 4096] Endgame KQ-KQ} Qf6+ 31. Kg2 c5 32. bxc5 {[#] Black must now prevent Qd7.} Qc6+ 33. Kg1 Qxc5 34. Qd8+ Kh7 35. a5 Qc1+ 36. Kg2 Qc6+ 37. Kg1 Qc1+ 38. Kg2 Qc6+ 39. Kg1 Qc1+ {Accuracy: White = 69%, Black = 82%.} 1/2-1/2

[Event "Grand Prix Hamburg 2019"]
[Site "Hamburg"]
[Date "2019.11.08"]
[Round "2.1"]
[White "Yu, Yangyi"]
[Black "Duda, Jan-Krzysztof"]
[Result "1/2-1/2"]
[WhiteElo "2753"]
[BlackElo "2734"]
[Annotator "TA"]
[PlyCount "89"]
[EventDate "2019.11.05"]
[EventType "k.o."]
[EventCountry "GER"]
[SourceTitle "playchess.com"]
[Source "ChessBase"]
[SourceQuality "1"]

{[%evp 17,89,24,17,23,33,20,24,32,29,29,66,63,52,65,47,62,50,37,52,39,54,54,60,53,59,52,67,58,87,69,94,85,87,83,80,83,97,87,94,0,0,0,0,0,0,0,0,0,0,0,0,0,0,0,0,0,0,0,0,0,0,0,0,0,0,0,0,0,0,0,0,0,0,0]} 1. e4 e5 2. Nf3 Nf6 3. Nxe5 d6 4. Nf3 Nxe4 5. d4 d5 6. Bd3 Bd6 7. O-O O-O 8. c4 c6 9. Re1 Bf5 10. Ng5 {[%cal Rd3e4] C42: Petroff Defence: 3 Nxe5 and unusual White 3rd moves} (10. Qb3 Qd7 11. Nc3 Nxc3 12. Bxf5 Qxf5 13. bxc3 b6 14. Bg5 dxc4 15. Qxc4 b5 16. Qb3 Nd7 17. Be7 Bxe7 18. Rxe7 {½-½ (30) Naiditsch,A (2695)-Wang,H (2726) China 2019}) 10... Re8 11. Bxe4 dxe4 12. Nc3 {White has an edge.} h6 $146 ({Predecessor:} 12... Nd7 13. c5 Bc7 14. Qb3 Re7 15. Ngxe4 h6 16. Bd2 b6 17. Nd6 Bxd6 18. cxd6 Rxe1+ 19. Rxe1 Qf6 20. Re7 {½-½ (20) Repp,H (2512)-Blanco Gramajo,C (2552) ICCF email 2011}) 13. Ngxe4 Bxe4 14. Nxe4 {[#] Black must now prevent Bxh6!} Bxh2+ $1 15. Kf1 f5 $1 {[%cal Rf5e4]} 16. Nc5 {[%cal Be4c5,Bc5d3,Bd3f4,Bf4e6][%mdl 32]} b6 $1 {[%cal Rb6c5]} 17. Nd3 Bc7 18. Bf4 Bxf4 19. Nxf4 Na6 20. Rxe8+ Qxe8 21. Qd3 Qf7 22. Re1 g5 23. Ne6 {Hoping for Qa3.} Re8 $1 {[%cal Re8e6]} 24. d5 cxd5 25. cxd5 Nc7 {[%cal Rc7e6]} 26. Qc4 Nxe6 27. dxe6 $16 {[%mdl 4096] Endgame KQR-KQR} Qe7 28. Re5 ({White should try} 28. Qb5 $16) 28... Qd6 $1 $36 {[%cal Rd6e5][%mdl 2048] The position is equal. Black has some pressure.} 29. Re1 Kg7 30. Kg1 Kf6 {[%cal Re8e6]} 31. Qc3+ Kg6 32. Qe3 Kf6 {[%cal Re8e6]} 33. Qh3 Kg6 34. g4 fxg4 35. Qxg4 Qf4 36. Qd1 {White wants to play e7.} h5 37. Qd3+ Qf5 38. Re4 Re7 39. f3 Kh6 40. Qd8 Qxf3 41. Qxe7 {[#] Strongly threatening Qb4.} Qg3+ 42. Kh1 {Threatening mate with Qf6+.} Qh3+ 43. Kg1 {Qd6 would kill now.} Qg3+ 44. Kh1 {Intending Qf6+ and mate.} Qh3+ 45. Kg1 {Accuracy: White = 88%, Black = 86%.} 1/2-1/2

[Event "Grand Prix Hamburg 2019"]
[Site "Hamburg"]
[Date "2019.11.08"]
[Round "2.1"]
[White "Topalov, Veselin"]
[Black "Vachier-Lagrave, Maxime"]
[Result "0-1"]
[WhiteElo "2736"]
[BlackElo "2774"]
[Annotator "TA"]
[PlyCount "76"]
[EventDate "2019.11.05"]
[EventType "k.o."]
[EventCountry "GER"]
[SourceTitle "playchess.com"]
[Source "ChessBase"]
[SourceQuality "1"]

{[%evp 13,88,31,20,-17,0,0,0,0,0,0,0,3,24,0,0,-9,9,2,25,8,0,13,5,11,25,12,15,16,16,0,0,0,0,4,31,31,27,29,35,0,0,0,0,-88,-65,-107,-74,-75,-54,-48,0,0,0,0,55,0,0,-161,0,-313,-316,-701,-458,-465,-255,-262,-281,-511,-519,-510,-486,-1945,-1965,-1983,-1949,-1439,-1146]} 1. d4 Nf6 2. c4 g6 3. Nf3 Bg7 4. e3 O-O 5. Be2 c5 6. d5 d6 7. Nc3 e6 8. Nd2 {E61: King's Indian: Early deviations for White, including Smyslov System} (8. O-O exd5 9. cxd5 Na6 10. Nd2 Re8 11. e4 Rb8 12. a4 Nb4 13. f3 Nd7 14. Kh1 a6 15. a5 b5 16. axb6 Nxb6 {½-½ (43) Caruana,F (2816)-Vachier Lagrave,M (2789) Leuven 2018}) 8... Na6 9. O-O Re8 10. e4 {The position is equal.} Nc7 11. a4 b6 12. Re1 Na6 $146 ({Predecessor:} 12... a6 13. a5 b5 14. dxe6 Rxe6 15. Nb3 Nxe4 16. Nxe4 Rxe4 17. cxb5 Nxb5 18. Nxc5 Rxe2 19. Rxe2 {0-1 (43) Fedoseev,V (2658)-Shankland,S (2666) Saint Louis 2017}) 13. h3 Nb4 14. Ra3 exd5 15. cxd5 a6 16. Bf1 Nd7 17. Na2 Ra7 18. Nc4 Ne5 19. Nxe5 Bxe5 20. Nxb4 cxb4 21. Rf3 Bd7 22. b3 b5 23. Be3 Ra8 24. axb5 axb5 25. Bd4 Ra2 26. Re2 (26. Bxe5 {keeps more tension.} dxe5 27. Rd3 Qe7 28. Re2 Ra3 29. Rc2) 26... Rxe2 $1 27. Bxe2 Qe7 28. Re3 (28. Bf1 $11) 28... Bf4 $17 29. Bf3 Bxe3 30. Bxe3 Rc8 31. Qd4 Qe5 32. Qa7 $1 {[%cal Ra7d7]} Be8 33. g3 Rc3 ({Better is} 33... h5 $11) 34. Bd4 ({White should try} 34. Bf4 $1 $14 Qg7 35. Be2) 34... Qg5 $1 $11 35. Be2 $2 {[#]} (35. h4 $1 $11 Rc1+ 36. Kg2) 35... Qd2 $2 (35... Rxb3 $19 {...Qd2 is the strong threat.} 36. Qb8 Rb1+ 37. Kg2 Qe7) 36. Bf1 $2 {[%mdl 8192]} (36. Kh2 $1 $11) 36... Rxb3 $19 37. Kg2 $2 (37. Be3 Rxe3 38. Qxe3 Qxe3 39. fxe3) 37... Ra3 38. Qb6 b3 {Played: Ra3-a6} 0-1

[Event "Grand Prix Hamburg 2019"]
[Site "Hamburg"]
[Date "2019.11.08"]
[Round "2.1"]
[White "Dubov, Daniil"]
[Black "Svidler, Peter"]
[Result "1/2-1/2"]
[WhiteElo "2699"]
[BlackElo "2729"]
[Annotator "TA"]
[PlyCount "50"]
[EventDate "2019.11.05"]
[EventType "k.o."]
[EventCountry "GER"]
[SourceTitle "playchess.com"]
[Source "ChessBase"]
[SourceQuality "1"]

{[%evp 27,45,47,42,17,8,5,33,56,47,60,62,67,76,75,62,69,66,16,6,14]} 1. d4 Nf6 2. c4 g6 3. Nc3 d5 4. cxd5 Nxd5 5. e4 Nxc3 6. bxc3 Bg7 7. Bc4 c5 8. Ne2 Nc6 9. Be3 O-O 10. O-O Qc7 11. Bf4 Qd8 12. Be3 Qc7 13. Rc1 Rd8 14. Bf4 Qd7 15. d5 {D87: Exchange Grünfeld: Classical Line: Variations without ...cxd4} (15. dxc5 Qe8 16. Bd5 Ne5 17. Nd4 e6 18. Bb3 Qe7 19. Be3 b6 20. cxb6 Ba6 21. c4 Qb7 22. Qe2 axb6 23. Nb5 {½-½ (40) Grischuk,A (2746)-Nepomniachtchi,I (2711) Moscow 2011}) 15... Na5 16. Bd3 e6 17. c4 {[%cal Bc3c4,Bc4b5][%mdl 32] White is slightly better.} b5 18. cxb5 exd5 19. Qa4 Nc4 20. Bxc4 dxc4 21. Qxc4 Qb7 22. Be3 Be6 23. Qxc5 {Predecessor:} Qxe4 $146 24. Nf4 Bxa2 25. Rfe1 Qb7 {½-½ (23) Douven,R (2475)-Vanheste,J (2410) Amsterdam 1989} 1/2-1/2

[Event "Grand Prix Hamburg 2019"]
[Site "Hamburg"]
[Date "2019.11.09"]
[Round "2.2"]
[White "Vachier-Lagrave, Maxime"]
[Black "Topalov, Veselin"]
[Result "1/2-1/2"]
[WhiteElo "2774"]
[BlackElo "2736"]
[Annotator "TA"]
[PlyCount "52"]
[EventDate "2019.11.05"]
[EventType "k.o."]
[EventCountry "GER"]
[SourceTitle "playchess.com"]
[Source "ChessBase"]
[SourceQuality "1"]

{[%evp 11,52,-2,-4,-2,15,24,25,27,32,32,41,7,28,33,32,22,19,22,18,4,10,3,10,12,24,21,32,22,32,32,32,18,18,29,70,74,148,146,146,146,216,214,189]} 1. e4 e6 2. d4 d5 3. exd5 exd5 4. Nf3 Bd6 5. c4 Nf6 6. c5 Be7 7. Qa4+ {C01: French: Exchange Variation} c6 8. Bd3 Ne4 $146 ({Predecessor:} 8... O-O 9. O-O Re8 10. Nc3 Nbd7 11. Bf4 Nf8 12. h3 Ne6 13. Bh2 Nh5 14. Rfe1 Nhf4 {1-0 (45) Bacrot,E (2725)-Socko,B (2593) Riadh 2017}) 9. O-O {White has an edge.} O-O 10. Nc3 f5 11. Ne5 Bf6 12. f4 Be6 13. Be3 Qe7 14. Rad1 Nd7 15. Nxe4 fxe4 16. Be2 g6 17. b4 a6 18. Qb3 Kg7 19. Qc3 h5 20. a4 {[%cal Ba2a4,Ba4b5][%mdl 32]} Kh7 21. b5 (21. Qd2 {feels hotter.} Bg7 22. Ra1 Qe8 23. Rfc1 Bh6 24. Rcb1) 21... axb5 22. axb5 Bxe5 23. fxe5 Bg4 (23... Ra2 $142 24. Rd2 Ra7) 24. Bxg4 $16 {White is clearly better.} hxg4 25. Qb2 Rxf1+ (25... Kg7 $16 26. bxc6 bxc6) 26. Rxf1 $18 {Black must now prevent bxc6.} Rf8 {Accuracy: White = 60%, Black = 35%.} 1/2-1/2